000 01250cam a2200385 i 4500
003 EG-GICUC
005 20260122140901.0
008 981224s1999 ncua frb 001 0 eng d
020 _a0333731972
020 _a0333614445
_qhardcover
020 _a9780333731970
020 _a0333614453
_qpaper back
040 _aDLC
_cDLC
_dDLC
_dEG-GICUC
_beng
_erda
082 0 0 _a342.21040
_221
092 0 4 _221
099 _aLaw 11 1995
100 1 _aNugent, Neill.
245 1 0 _aGovernment and politics of the European Union /
_cNeill Nugent.
250 _a4th edition.
264 _aDurham, NC :
_bDuke University Press,
_c1999.
300 _axxiii, 567 pages :
_billustrations :
_c24 cm.
336 _atext
_2rdacontent
337 _aComputer
_2rdamedia
338 _aOnline Resource
_2rdacarrier
504 _aIncludes bibliographical references and index.
610 2 0 _aEuropean Union.
610 2 0 _aCommission of the European Communities.
610 2 0 _aCouncil of the European Communities.
610 2 0 _aEuropean Parliament.
610 2 0 _aCourt of Justice of the European Communities.
650 1 _aInternational law.
856 4 0 _uhttps://fll.law.cu.edu.eg/fulltext/bks/ENGB11-00099.pdf
905 _a10
942 _2ddc
_cBK
_e21
_n0
999 _c58663
_d58663